000
00260 a2200109 4500
001
81529
082
_a
005.133 SPR
090
_c
39772
_d
39772
100
_a
Sprague
245
_a
Microsoft visual basic 6
260
_a
Australia
_b
South West Publication
_c
2000
942
_a
NUST-CAE
_k
005.133 SPR
999
_c
316602
_d
316602